|
|
|
|
| LEADER |
00000nam a2200000 a 4500 |
| 001 |
vtls001560836 |
| 003 |
SK-MaSNL |
| 005 |
20260302073953.0 |
| 008 |
240315 000 0 eng |
| 040 |
|
|
|a SNK
|b slo
|c SNK
|e AACR2
|
| 100 |
1 |
|
|a Gyurikovits, Georgius
|4 aut
|9 739014
|
| 245 |
1 |
|
|a Succinctae animadversiones unius e croatis in partem III-tiam illustrationis criticae situs et ambitus Slavoniae et Croatiae ...
|
| 260 |
|
|
|a Posonii
|b Typis Haeredum Belnayanorum
|c 1848
|
| 300 |
|
|
|a 83 s.
|
| 999 |
|
|
|c 1163078
|d 1165008
|
| 952 |
|
|
|a SNK
|b SNK
|y VYP
|7 0
|p 17A0466562
|o snkSD 3159 D1
|i snkXI. 2792/55
|3 rekatalogizácia
|0 0
|1 0
|4 0
|d 2005-04-20
|l 0
|r 2026-02-24 20:39:33
|w 2026-02-24
|